000 00468cas a22001815a 4500
001 L140272
008 070914u xxkmr p 0 a0eng u
035 _a(Sirsi) u140272
041 0 _aeng
110 2 _aRoyal Institution of Chartered Surveyors
_94900
245 0 0 _aRICS Monthly Media Bulletin
260 _aLondon
_bRICS
_c[19-?]-
362 0 _aOctober 1994-June 1997
554 _a12 per year
651 4 _aUnited Kingdom
_y
690 _aABOUT RICS
942 _n0
999 _c119147
_d119147